000 00657nam a2200205Ia 4500
008 191130s2000##################000#0#eng##
020 _a9780748612468
040 _aACL
_cACL
082 _a791.43658 SCO
100 _aScott, Ian
245 _aAmerican politics in Hollywood film
_cIan Scott
260 _aChicago
_bFitzroy Dearborn Publishers
_c2000
300 _aviii, 184 p. : ill. ; 24 cm
500 _aIncludes bibliographical references and index
650 _aMotion pictures - Political aspects - United States
650 _aPolitics in motion pictures
990 _ac5571956ac10000c71f7028bb132dd85
991 _a359093
999 _c367573
_d367573